000 00850nam a22002177a 4500
999 _c1866
_d1866
003 AR-CdUCM
008 190228b ||||| |||| 00| 0 spa d
040 _aMUNICIPALIDAD PROVINCIAL DEL CUSCO
_cBIBLIOTECA MUNICIPAL DEL CUSCO
082 _a341.1 /
_bJ74
100 _aJosserand, Louis
_96838
245 _aTeleología jurídica /
260 _aMexico :
_bEdit. J. M. Cajica,
_c1946.
300 _a358 paginas
_c24 cm.
505 _aDefinición y clasificación de los móviles .Sitio en la escala de los valores psicológicos --Influencia y papeles de los móviles en derecho privado --Influencia de los móviles sobre la validez de los actos jurídicos ...
650 _aDerecho
_9739
650 _aFilosofia
_9395
650 _aActos juridicos
_96839
700 _a José M. Cajica
_96840
942 _2ddc
_cLIBROS
945 _arjall
_d2019-02-28